00882cam a22002654a 4500008004100000020002200041245010400063260004700167300003400214500002000248504004100268650002700309650003900336650003000375650003100405650003500436650002300471650003000494650003100524700002000555700001400575003000100589005001700590040000900607  a0443064067 (pbk.)00aInfection control in the community /cedited by Jean Lawrence, Dee May ; foreword by Jennie Wilson. aEdinburgh :bChurchill Livingstone,c2003. axii, 373 p. :bill. ;c25 cm. aIncludes index. aIncludes bibliographical references. 0aInfectionxPrevention. 0aNosocomial infectionsxPrevention. 0aCommunity health nursing. 0aCommunity health services. 0aHealth facilitiesxSanitation.12aInfection Control.22aCommunity Health Nursing.22aCommunity Health Services.1 aLawrence, Jean.1 aMay, Dee.20230123122148.0 cNUST